| 000 | 00000nam 2200000zi 4500 |
| 001 | 9.948614 |
| 003 | CaOODSP |
| 005 | 20250303101553 |
| 006 | m o d f |
| 007 | cr mn||||||||| |
| 008 | 030325t20252025onc ob f000 0 eng d |
| 040 | |aCaOODSP|beng|erda|cCaOODSP |
| 043 | |an-cn--- |
| 086 | 1 |aP29-003-522-2025E-PDF |
| 245 | 00|aDiesel fuel containing biodiesel (B6-B20). |
| 250 | |a[February 2025 edition]. |
| 264 | 1|aOttawa, Ontario : |bCanadian General Standards Board : |bStandards Council of Canada, |c2025. |
| 264 | 4|c©2025 |
| 300 | |a1 online resource (23 pages). |
| 336 | |atext|btxt|2rdacontent |
| 337 | |acomputer|bc|2rdamedia |
| 338 | |aonline resource|bcr|2rdacarrier |
| 490 | 1 |aNational standard of Canada ; |vCAN/CGSB-3.522-2025 |
| 500 | |a"Published February 2025." |
| 500 | |a"Experience and excellence"--Cover. |
| 500 | |aSupersedes CAN/CGSB-3.522-2020. |
| 500 | |aIssued also in French under title: Carburant diesel contenant du biodiesel (B6-B20). |
| 504 | |aIncludes bibliographical references. |
| 520 | |a"This National Standard of Canada applies to Type B, Bxx diesel fuel containing from 6% to 20% by volume of biodiesel. Fuel meeting this standard is intended for use in high-speed diesel engine powered equipment for on-road and off-road applications and in select equipment powered by medium-speed diesel engines"--Scope, page 1. |
| 650 | 0|aDiesel fuels|xStandards|zCanada. |
| 710 | 2 |aCanadian General Standards Board, |eissuing body. |
| 710 | 2 |aStandards Council of Canada, |eissuing body. |
| 775 | 08|tCarburant diesel contenant du biodiesel (B6-B20).|w(CaOODSP)9.948616 |
| 795 | |tDiesel fuel containing biodiesel (B6-B20).|b[February 2020 edition]|w(CaOODSP)9.884952 |
| 830 | #0|aNational standard of Canada ;|vno. 3.522-2025.|w(CaOODSP)9.507848 |
| 856 | 40|qPDF|s1.59 MB|uhttps://publications.gc.ca/collections/collection_2025/ongc-cgsb/P29-003-522-2025-eng.pdf |
| 986 | |aICS 75.160.20|aICS 75.160.40 |